| 000 | 00392 a2200133 4500 | ||
|---|---|---|---|
| 001 | 92272 | ||
| 082 | _aPR 2517 | ||
| 090 |
_c44220 _d44219 |
||
| 100 | _aFaria Malik; Prof Shoaib Arif and Irfan Shahid (Advisors) | ||
| 245 |
_aModeling and Simulation of a Planner Array for Phased Array Radar _n77 "B" EC |
||
| 260 |
_aIslamabad _bNUST _c2014 |
||
| 300 | _a91p. | ||
| 500 | _aBE Project Reports | ||
| 942 |
_aCAE NUST _kPR 2517 |
||
| 999 |
_c327345 _d327345 |
||